MARC details
| 000 -LEADER |
| fixed length control field |
02231ngm a22004458i 4500 |
| 005 - DATE AND TIME OF LATEST TRANSACTION |
| control field |
20200320201037.0 |
| 007 - PHYSICAL DESCRIPTION FIXED FIELD--GENERAL INFORMATION |
| fixed length control field |
vd cvaizk |
| 008 - FIXED-LENGTH DATA ELEMENTS--GENERAL INFORMATION |
| fixed length control field |
160412s2016 119 g ## vleng d |
| 024 1# - OTHER STANDARD IDENTIFIER |
| Standard number or code |
741952824299 (videorecording) |
| 040 ## - CATALOGING SOURCE |
| Original cataloging agency |
MMLLC |
| Language of cataloging |
eng |
| Description conventions |
rda |
| Transcribing agency |
MMLLC |
| 082 ## - DEWEY DECIMAL CLASSIFICATION NUMBER |
| Classification number |
[FIC] |
| 245 00 - TITLE STATEMENT |
| Title |
Outlaws and angels / |
| Statement of responsibility, etc |
Chad Michael Murray, Francesca Eastwood, Madisen Beaty. |
| 250 ## - EDITION STATEMENT |
| Edition statement |
[Widescreen?]. |
| 264 #2 - Production, Publication, Distribution, Manufacture, and Copyright Notice. |
| Place of production, publication, distribution, manufacture |
Old Saybrook, Connecticut : |
| Name of producer, publisher, distributor, manufacturer |
www.micromarketing.org |
| 264 #1 - Production, Publication, Distribution, Manufacture, and Copyright Notice. |
| Place of production, publication, distribution, manufacture |
[United States] : |
| Name of producer, publisher, distributor, manufacturer |
[Entertainment One], |
| Date of production, publication, distribution, manufacture, or copyr |
[2016] |
| 300 ## - PHYSICAL DESCRIPTION |
| Extent |
[1 videodisc (approximately 119 minutes)?] : |
| Other physical details |
sound, color; |
| Dimensions |
4 3/4 in. |
| 336 ## - Content Type |
| Content type term |
two-dimensional moving image |
| 337 ## - Media type |
| Media type term |
video |
| 338 ## - Carrier type |
| Carrier type term |
videodisc |
| 344 ## - |
| -- |
digital |
| -- |
optical |
| -- |
rda |
| 346 ## - |
| -- |
NTSC |
| -- |
rda |
| 347 ## - |
| -- |
video file |
| -- |
DVD video |
| -- |
rda |
| 500 ## - GENERAL NOTE |
| General note |
Title and description based on researched data. |
| 511 1# - PARTICIPANT OR PERFORMER NOTE |
| Participant or performer note |
Stars Chad Michael Murray, Francesca Eastwood, Madisen Beaty. |
| 520 ## - SUMMARY, ETC. |
| Summary, etc |
"For seasoned outlaw Henry and his gang of bandits, a high stakes bank heist turns bloody when they kill a U.S. Marshall in the process. With one of the largest bounties in the history of the American West on their heads, they make their way south and invade the home of a seemingly innocent and unsuspecting frontier family for refuge. As an unexpected game of cat and mouse ensues, this twisted tale leads to seduction, role reversal, and ultimately revenge."--Provided by the publisher. |
| 521 8# - TARGET AUDIENCE NOTE |
| Target audience note |
Rating: not rated. |
| 538 ## - SYSTEM DETAILS NOTE |
| System details note |
DVD, color, [widescreen?], NTSC. |
| 546 ## - LANGUAGE NOTE |
| Language note |
English audio. |
| 650 #0 - SUBJECT ADDED ENTRY--TOPICAL TERM |
| Topical term or geographic name as entry element |
Bank robberies |
| Form subdivision |
Drama. |
| 9 (RLIN) |
5732927 |
| 650 #0 - SUBJECT ADDED ENTRY--TOPICAL TERM |
| Topical term or geographic name as entry element |
Frontier and pioneer life |
| Geographic subdivision |
West (U.S.) |
| Form subdivision |
Drama. |
| 9 (RLIN) |
5745852 |
| 655 #7 - INDEX TERM--GENRE/FORM |
| Genre/form data or focus term |
Feature films. |
| Source of term |
lcgft |
| 9 (RLIN) |
5922336 |
| 655 #7 - INDEX TERM--GENRE/FORM |
| Genre/form data or focus term |
Action and adventure films. |
| Source of term |
lcgft |
| 9 (RLIN) |
5674017 |
| 700 1# - ADDED ENTRY--PERSONAL NAME |
| Personal name |
Murray, ChadMichael, |
| Relator term |
actor. |
| 9 (RLIN) |
5922338 |
| 700 1# - ADDED ENTRY--PERSONAL NAME |
| Personal name |
Eastwood, Francesca, |
| Relator term |
actor. |
| 9 (RLIN) |
5922339 |
| 700 1# - ADDED ENTRY--PERSONAL NAME |
| Personal name |
Beaty, Madisen, |
| Relator term |
actor. |
| 9 (RLIN) |
5922341 |
| 942 ## - ADDED ENTRY ELEMENTS (KOHA) |
| Koha item type |
DVD |
| 948 ## - LOCAL PROCESSING INFORMATION (OCLC); SERIES PART DESIGNATOR (RLIN) |
| Series part designator, SPT (RLIN) |
10/03/2016 |
| z (OCLC) |
Sirsi |
| 949 ## - LOCAL PROCESSING INFORMATION (OCLC) |
| n |
www.MicroMarketing.org 800-229-9887 |
| 996 ## - |
| -- |
134203 |
| -- |
34301001358904 |
| -- |
DVD |
| -- |
DVD |
| -- |
wcl |
| -- |
l |
| -- |
19 |
| -- |
24.95 |
| -- |
micro |
| -- |
Out |
| -- |
10/03/2016 |
| -- |
09/28/2018 |
| -- |
07/20/2018 |